Guess the Phineas and Ferb Song with no hint Quiz Stats

 Plays Quiz not verified by Sporcle

Support Sporcle.
Go Orange.
Score 0/100 Timer 06:00
0 Plays Today
% Correct
(Oh woah woah!)
98.5%
a
93.6%
the
93.6%
the
93.6%
I
90.1%
I
90.1%
I
90.1%
me?
61.4%
me?
61.4%
me
61.4%
me
61.4%
me
61.4%
me
61.4%
me?
61.4%
me?
61.4%
me?
61.4%
it
55.6%
it
55.6%
It
55.6%
he
55%
he
55%
He
55%
He
55%
He
55%
He
55%
he
55%
he
55%
he
55%
When
51.8%
When
51.8%
When
51.8%
When
51.8%
When
51.8%
When
51.8%
% Correct
is
50.3%
is
50.3%
do
47.7%
will
46.8%
will
46.8%
will
46.8%
will
46.8%
will
46.8%
will
46.8%
my
45.9%
my
45.9%
my
45.9%
my
45.9%
my
45.9%
my
45.9%
can
45.3%
to
43.9%
of
43%
of
43%
call
33.6%
call
33.6%
call
33.6%
call
33.6%
call
33.6%
call
33.6%
How
33.3%
how
33.3%
or
29.2%
Should
27.5%
should
27.5%
Should
27.5%
ring?
26.9%
have
26.9%
know
25.7%
% Correct
faces
24.9%
faces
24.9%
moon?
23.1%
moon!
23.1%
by
22.8%
check
22.5%
watch,
22.5%
calendar
22.5%
check
22.5%
watch,
22.5%
calendar,
22.5%
think
21.9%
this
20.8%
doesn't
20.2%
text
17.8%
soon?
17.5%
all
17%
all
17%
sanity
16.7%
hanging
16.7%
long
16.4%
Sometimes
16.1%
shoestring
16.1%
email
13.5%
really
9.9%
really
9.9%
affects
7.9%
wrecks
6.4%
shouldn't
5.6%
inbox
5.6%
Finding
5%
empty
3.8%

You're not logged in!

Compare scores with friends on all Sporcle quizzes.
OR
Log In

From the Vault

Wikipedia Country Popularity (2009)

by Chase

Finally, a quiz where Wikipedia is the perfect source.
Remove Ads.
Support Sporcle.
Get the best of Sporcle when you Go Orange. This ad-free experience offers more features, more stats, and more fun while also helping to support Sporcle. Thank you for becoming a member.

Show Comments

Extras

Top Quizzes Today


Score Distribution

Your Account Isn't Verified!

In order to create a playlist on Sporcle, you need to verify the email address you used during registration. Go to your Sporcle Settings to finish the process.

Report this User

Report this user for behavior that violates our Community Guidelines.

Details: